<?xml version="1.0" encoding="UTF-8"?>
<collection xmlns:xsi="http://www.w3.org/2001/XMLSchema-instance" xsi:schemaLocation="http://www.loc.gov/MARC21/slim http://www.loc.gov/standards/marcxml/schema/MARC21slim.xsd" xmlns="http://www.loc.gov/MARC21/slim">
 <record>
  <leader>00000cam a22000003i 4500</leader>
  <controlfield tag="001">UP-1685594773862054001</controlfield>
  <controlfield tag="003">Buklod</controlfield>
  <controlfield tag="005">20231116161315.0</controlfield>
  <controlfield tag="006">g||| |     ||   ||</controlfield>
  <controlfield tag="007">ta</controlfield>
  <controlfield tag="008">170206s2015    cauab   rbq  |001 0|eng d</controlfield>
  <datafield tag="020" ind1=" " ind2=" ">
   <subfield code="a">9781446269756 (paperback)</subfield>
  </datafield>
  <datafield tag="035" ind1=" " ind2=" ">
   <subfield code="a">(iLib)UPBAG-00023231929</subfield>
  </datafield>
  <datafield tag="037" ind1=" " ind2=" ">
   <subfield code="a">BC-67408</subfield>
   <subfield code="b">New Century Books</subfield>
   <subfield code="c">Php3,595.50</subfield>
   <subfield code="n">Prof. Raymundo Rovillos</subfield>
  </datafield>
  <datafield tag="040" ind1=" " ind2=" ">
   <subfield code="a">DLC</subfield>
   <subfield code="d">BAG</subfield>
   <subfield code="e">rda</subfield>
  </datafield>
  <datafield tag="041" ind1="0" ind2=" ">
   <subfield code="a">eng</subfield>
  </datafield>
  <datafield tag="090" ind1=" " ind2="0">
   <subfield code="a">HM 500</subfield>
   <subfield code="b">B36 2015</subfield>
  </datafield>
  <datafield tag="100" ind1="1" ind2=" ">
   <subfield code="a">Banks, Marcus</subfield>
   <subfield code="e">author.</subfield>
  </datafield>
  <datafield tag="245" ind1="1" ind2="0">
   <subfield code="a">Visual methods in social research</subfield>
   <subfield code="c">Marcus Banks &amp; David Zeitlyn.</subfield>
  </datafield>
  <datafield tag="250" ind1=" " ind2=" ">
   <subfield code="a">2nd edition.</subfield>
  </datafield>
  <datafield tag="264" ind1=" " ind2="1">
   <subfield code="a">Los Angeles</subfield>
   <subfield code="b">Sage PUblications, Inc.</subfield>
   <subfield code="c">2015.</subfield>
  </datafield>
  <datafield tag="300" ind1=" " ind2=" ">
   <subfield code="a">xiii, 189 pages</subfield>
   <subfield code="b">illustrations, maps</subfield>
   <subfield code="c">25 cm</subfield>
  </datafield>
  <datafield tag="336" ind1=" " ind2=" ">
   <subfield code="a">text</subfield>
   <subfield code="2">rdacontent</subfield>
  </datafield>
  <datafield tag="337" ind1=" " ind2=" ">
   <subfield code="a">unmediated</subfield>
   <subfield code="2">rdamedia</subfield>
  </datafield>
  <datafield tag="338" ind1=" " ind2=" ">
   <subfield code="a">volume</subfield>
   <subfield code="2">rdacarrier</subfield>
  </datafield>
  <datafield tag="500" ind1=" " ind2=" ">
   <subfield code="a">Previous edition: 2001.</subfield>
  </datafield>
  <datafield tag="504" ind1=" " ind2=" ">
   <subfield code="a">Includes bibliographical references (pages [168]-181), filmography (pages [182]-183), and index.</subfield>
  </datafield>
  <datafield tag="505" ind1="0" ind2=" ">
   <subfield code="a">1.1.The trouble with pictures -- 1.2.An introductory example -- 1.3.Unnatural vision -- 1.4.Reading narratives -- 1.4.1.Formal readings -- 1.5.Planning a research project with visual methods -- 2.1.On television -- 2.2.Visual forms produced I: representations of society -- 2.2.1.Interpreting Forest of Bliss -- 2.2.2.Still and moving images -- 2.3.Visual forms produced II: representations of knowledge -- 2.3.1.Visualization -- 2.3.2.Networks -- 2.3.3.Diagrams of Nuer lineages -- 2.4.Visual forms encountered -- 2.4.1.Encountering 'indigenous' media -- 2.4.2.The image as evidence -- 2.5.'Us' and 'them'? -- 3.1.Object and representation -- 3.2.The materiality of visual forms -- 3.2.1.Displaying family photographs -- 3.3.Exchanged goods -- 3.3.1.Market exchange -- 3.4.Size matters -- 3.5.Transformations: digitization and computer-based media -- 3.5.1.Digital manipulation -- 3.5.2.Digital pornography: constraining the virtual -- 3.5.3.Digital pornography: exchange and circulation -- 4.1.Silk thread to plastic bags -- 4.2.Researching image use and production in social contexts -- 4.3.Watching television -- 4.3.1.Soap opera in India and Egypt -- 4.3.2.Television as a social presence -- 4.4.Doing things with photographs and films -- 4.4.1.Photo-elicitation with archival images -- 4.4.2.Photo-elicitation with contemporary images -- 4.4.3.Learning from photo-elicitation -- 4.4.4.Film-elicitation -- 4.5.Working with archival material -- 4.5.1.Photographic archives and picture libraries -- 4.5.2.Film archives -- 5.1.Observing -- 5.2.Creating images for research -- 5.3.Documentation -- 5.3.1.A ladder climbed then discarded -- 5.3.2.Documentary exploration -- 5.3.3.Documentary control -- 5.4.Collaborative projects -- 5.5.Indigenous media collaborations -- 5.5.1.Collaborative after-effects -- 5.6.Ethics and visual research -- 5.6.1.Ethical review -- 5.6.2.Permissions --5.7.Returning images -- 6.1.Audiences -- 6.2.Presenting photographs -- 6.2.1.The photographic essay -- 6.3.Presenting ethnographic and other films -- 6.3.1.Study guides and other contextualization -- 6.4.Databases and digital images -- 6.4.1.Can computers see? -- 6.5.Multimedia projects -- 6.5.1.Interacting with the Yanomamo -- 6.6.Copyright -- 7.1.The state of visual research -- 7.2.The place of visual research -- 7.3.The nature of visual research.</subfield>
  </datafield>
  <datafield tag="520" ind1=" " ind2=" ">
   <subfield code="a">&quot;Combining the theoretical, practical and technical the authors discuss changing technologies, the role of the internet and the impact of social media. Presenting an interdisciplinary guide to visual methods they explore both the creation and interpretation of visual images and their use within different methodological approaches.&quot;--Back cover.</subfield>
  </datafield>
  <datafield tag="650" ind1=" " ind2="0">
   <subfield code="a">Visual sociology.</subfield>
  </datafield>
  <datafield tag="650" ind1=" " ind2="0">
   <subfield code="a">Visual anthropology.</subfield>
  </datafield>
  <datafield tag="650" ind1=" " ind2="0">
   <subfield code="a">Photography in the social sciences.</subfield>
  </datafield>
  <datafield tag="650" ind1=" " ind2="0">
   <subfield code="a">Social sciences</subfield>
   <subfield code="x">Research</subfield>
   <subfield code="x">Methodology.</subfield>
  </datafield>
  <datafield tag="650" ind1=" " ind2="0">
   <subfield code="a">Social sciences</subfield>
   <subfield code="x">Research</subfield>
   <subfield code="x">Electronic information resources.</subfield>
  </datafield>
  <datafield tag="700" ind1="1" ind2=" ">
   <subfield code="a">Zeitlyn, David</subfield>
   <subfield code="e">author.</subfield>
  </datafield>
  <datafield tag="905" ind1=" " ind2=" ">
   <subfield code="a">FO</subfield>
  </datafield>
  <datafield tag="852" ind1="0" ind2=" ">
   <subfield code="a">UPBAG</subfield>
   <subfield code="b">UPBAG-MAIN</subfield>
   <subfield code="h">HM 500 B36 2015</subfield>
  </datafield>
  <datafield tag="942" ind1=" " ind2=" ">
   <subfield code="a">Book</subfield>
  </datafield>
 </record>
</collection>
